00892nam a2200253 a 450000100060000000300080000600500170001400800410003103500190007204000270009104100080011808200240012610000290015024500510017926000400023030000330027049000430030350400360034665000310038283000510041394200120046499900170047695201450049370150BD-RjUL20211209081953.0170416s1965 nyua b 001 0 eng d a(BD-RjUL)70362 aDLCcDLCdBD-RjULbeng aeng00a546.6223bLAT 19651 aLarsen, Edwin M.920776110aTransitional elements /c[by] Edwin M. Larsen. aNew York, :bW. A. Benjamin,c1965. axi, 183 p. :bill. ;c22 cm.0 aThe General chemistry monograph series aIncludes bibliography and index 0aTransition metals.9160120 aThe General chemistry monograph series9207762 2ddccBK c70150d70150 00102ddc40718NFICaRUCLbRUCLcReadingd1967-06-18eChemistry Dept. Seminarl0o546.6 LAT 1965r2017-04-16 00:00:00tC-1w2021-12-09yBK